Diagnóstico del sector agropecuario de Costa Rica (resumen)

Guardado en:
Bibliografiske detaljer
Institution som forfatter: Costa Rica. Ministerio de Agricultura y Ganadería. Secretaría Ejecutiva de Planificación Sectorial Agropecuaria y Recursos Naturales Renovables
Format: Texto
Udgivet: San José: MAG. SEPSA
Tags: Tilføj Tag
Ingen Tags, Vær først til at tagge denne postø!

MARC

LEADER 00000 a a2200000 04500
001 22939
003
040
090 |a 158500  
110 |a Costa Rica. Ministerio de Agricultura y Ganadería. Secretaría Ejecutiva de Planificación Sectorial Agropecuaria y Recursos Naturales Renovables  
245 |a Diagnóstico del sector agropecuario de Costa Rica (resumen)  
260 |a San José:   |b MAG. SEPSA  
300 |a 417 p.   |b **no definido**  
999 |c 8643  |d 8643